LEADER 00931nam2-22003131i-450- 001 990000230650403321 035 $a000023065 035 $aFED01000023065 035 $a(Aleph)000023065FED01 035 $a000023065 100 $a20011111d--------km-y0itay50------ba 101 0 $aita 105 $ay-------001yy 200 1 $a1. : Cinématique théorique et pratique,statique théorique. XXXII, 334 p. : ill. 210 $aTours$cA. Mame et Fils$eParis$cCh. Poussielgue$d1911- 215 $av.$d22 cm 225 1 $aEnseignement professionnel$v278 461 0$1001000007112$12001$aMécanique théorique et pratique 610 0 $aMeccanica$aProblemi 610 0 $aMeccanica applicata$aProblemi 676 $a620.1 700 1$aGabriel,$bEdmond 801 0$aIT$bUNINA$gRICA$2UNIMARC 901 $aBK 912 $a990000230650403321 952 $a13 L 31 11$b901$fFINBC 959 $aFINBC 997 $aUNINA DB $aING01 LEADER 01499nam 2200385 450 001 996280362503316 005 20230814225909.0 010 $a1-5386-6886-6 035 $a(CKB)4100000007125751 035 $a(WaSeSS)IndRDA00121939 035 $a(EXLCZ)994100000007125751 100 $a20200416d2018 uy 0 101 0 $aeng 135 $aur||||||||||| 181 $ctxt$2rdacontent 182 $cc$2rdamedia 183 $acr$2rdacarrier 200 10$a2018 IEEE 26th International Symposium on Modeling, Analysis, and Simulation of Computer and Telecommunication Systems $e25-28 September 2018, Milwaukee, WI, USA /$fIEEE Computer Society 210 1$aPiscataway, New Jersey :$cInstitute of Electrical and Electronics Engineers,$d2018. 215 $a1 online resource (182 pages) 311 $a1-5386-6887-4 606 $aDigital computer simulation$vCongresses 606 $aTelecommunication systems$xMathematical models$vCongresses 606 $aComputer networks$xMathematical models$vCongresses 615 0$aDigital computer simulation 615 0$aTelecommunication systems$xMathematical models 615 0$aComputer networks$xMathematical models 676 $a001.434 712 02$aIEEE Computer Society, 801 0$bWaSeSS 801 1$bWaSeSS 906 $aPROCEEDING 912 $a996280362503316 996 $a2018 IEEE 26th International Symposium on Modeling, Analysis, and Simulation of Computer and Telecommunication Systems$92530598 997 $aUNISA LEADER 00885nas 2200325-a 450 001 9910895080003321 005 20260218113237.0 035 $a(CKB)3790000000116669 035 $a(CONSER)--2006243561 035 $a(DE-599)ZDB2710718-8 035 $a(DE-599)2710718-8 035 $a(EXLCZ)993790000000116669 100 $a20060526a20059999 --- - 101 0 $ager 181 $ctxt$2rdacontent 182 $cc$2rdamedia 183 $acr$2rdacarrier 200 00$aHypnose 210 $aMünchen $cMEG-Stiftung$d[2005]- 215 $a1 online resource 300 $aTitle from cover. 311 08$aPrint version: Hypnose. 1862-4731 (DLC) 2006243561 (OCoLC)70664556 606 $aHypnosis 608 $aPeriodical. 615 12$aHypnosis. 906 $aJOURNAL 912 $a9910895080003321 920 $aexl_impl conversion 996 $aHypnose$94258491 997 $aUNINA